000 01105nmm a2200325 a 4500
001 ocm000604996
003 TR-IsHL
005 20201028130921.0
008 131010s2010 tu tur
007 cr cn
020 _a9789944607193
035 _a604996
_b(N$T)
050 0 4 _aHJ2906.5
_b.B35 2010
090 0 4 _aHJ2906.5
_b.B35 2010
100 1 _aBaloğlu, Filiz
245 1 0 _aSosyolojik açıdan halkın vergiye bakışı
_h[electronic resource] /
_cFiliz Baloğlu ; Binhan Elif Yılmaz, Murat Şeker
250 _a1 bs.
260 _aİstanbul :
_bİstanbul Ticaret Odası,
_c2010
300 _a220 p.
650 4 _aEkonomi ve Finans
650 4 _aEconomics and Finance
650 0 _aVergilendirme
_x Türkiye
650 0 _aTaxation
_xTurkey
650 0 _aVergilendirme
_x Türkiye
_x İstatistikler
650 0 _aTaxation
_xTurkey
_xStatistics
650 7 _aBUSINESS & ECONOMICS / Taxation / General
_2bisacsh
700 1 _aBinhan ,Elif Yılmaz
700 1 _aŞeker, Murat
856 4 0 _uhttp://search.ebscohost.com/login.aspx?direct=true&scope=site&db=e011xww&AN=604996
999 _c4279
_d4279